000
00218nam a22000857a 4500
008
160920b xxu||||| |||| 00| 0 eng d
100
_9
675
_a
Pal.Y.etal
245
_a
See Biology-X
260
_a
New Delhi
_b
APC Publications
_c
2011
999
_c
3332
_d
3332